Pilotos de F1 por país - Statistics

Estatísticas Gerais
  • Esse quiz foi jogado 69 vezes
  • A pontuação média é 16 de 22
Estatísticas das Respostas
Piloto País % Correto
Ayrton Senna Brasil
100%
Michael Schumacher Alemanha
98%
Fernando Alonso Espanha
98%
Max Verstappen Países Baixos
98%
Juan Manuel Fangio Argentina
96%
Lewis Hamilton Reino Unido
96%
Alain Prost França
91%
Sergio Pérez México
91%
Kimi Raikkonen Finlândia
89%
Charles Leclerc Mônaco
83%
Niki Lauda Áustria
74%
Alberto Ascari Itália
74%
Jacques Villeneuve Canadá
70%
Juan Pablo Montoya Colômbia
68%
Mário Andretti Estados Unidos
64%
Robert Kubica Polônia
57%
Pastor Maldonado Venezuela
55%
Jack Brabham Austrália
47%
Jody Scheckter África do Sul
36%
Ronnie Peterson Suécia
34%
Clay Regazzoni Suíça
34%
Jacky Ickx Bélgica
25%
Nenhum quiz correspondente encontrado
Distribuição das Pontuações
Porcentagem de Pessoas com Cada Pontuação
Percentil de Números Respondidos
Sua Pontuação Histórica
Você não jogou esse quiz